Thai yoga massage : how to use traditional Thai massage, yoga, and breathwork for healing and spiritual harmony
| Main Author: | |
|---|---|
| Format: | Book |
| Published: |
London :
Thorsons ,
2002
|
| Subjects: |
MARC
| LEADER | 00000cam a2200000 7i4500 | ||
|---|---|---|---|
| 001 | 0000016600 | ||
| 005 | 20080429.0 | ||
| 008 | 080428 | ||
| 020 | |a 0007132328 | ||
| 090 | 0 | 0 | |a 613.7046 |b BAL |
| 100 | 1 | |a Balaskas, Kira | |
| 245 | 1 | 0 | |a Thai yoga massage : |b how to use traditional Thai massage, yoga, and breathwork for healing and spiritual harmony |c Kira Balaskas |
| 260 | |a London : |b Thorsons , |c 2002 | ||
| 650 | 0 | |a Yoga | |
| 999 | |a 0001015043 |b Book |c Adult Collection |e Perbadanan Perpustakaan Awam Johor | ||